World's Best Airports by Year - Statistics

General Stats
  • This quiz has been taken 458 times
  • The average score is 130 of 160
Answers on the Map
Answers color-coded by a green-red scale on the quiz's map according to % correct below.
 
Answer Stats
Airport % Correct
London (Heathrow)
95%
Paris Charles de Gaulle
95%
Tokyo (Narita)
93%
Sydney
92%
Tokyo (Haneda)
92%
Dubai
91%
Amsterdam Schipol
88%
Seoul Incheon
88%
Singapore Changi
87%
Beijing (Capital)
86%
Cape Town
83%
Helsinki (Vantaa)
83%
Shanghai (Hongqiao)
83%
Copenhagen
82%
Taiwan Taoyuan
81%
Vienna
81%
Abu Dhabi
80%
Auckland
80%
Frankfurt
79%
Hong Kong
79%
Melbourne
79%
Munich
79%
Vancouver
79%
Kansai
78%
Zurich
78%
Doha
77%
Kuala Lumpur
77%
Brisbane
68%
Nagoya (Centrair)
49%
Cologne
48%
No matching quizzes found
Score Distribution
Percent of People with Each Score
Percentile by Number Answered
Your Score History
You have not taken this quiz